000 00874nam a2200253Ia 4500
003 OSt
005 20220926012143.0
006 a|||||r|||| 00| 0
007 ta
008 220923b |||||||| |||| 00| 0 eng d
020 _a9780857459398
_c7485.95
037 _b111197, 26/09/2017, International Book Distrobutors
_cGeneral Book
040 _aRTL
_cRTL
_beng
041 _2eng
_aeng
082 _aY:582.44Q70j572, Q3
100 _aRYTTER Mikkel
_9315633
245 0 _aFamily upheaval
_b Generation, mobility and relatedness among pakistani migrants in denmark
260 _aNew York
_bBergahn Books
_c2013
300 _axiii,234p
_ccm.
500 _aBib.Chapterwise.
650 _aSociology
942 _hY:582.44Q70j572, Q3
_cGB
_2CC
999 _c621910
_d621910